Detroit Red Wings 24/25 Official Roster - Statistiques

Statistiques générales
  • Ce quiz a été pris 2 fois
  • Le résultat moyen est 20 sur 24
Statistiques - réponses
Hint Réponse % Correct
RW Alex DeBrincat
100%
G Alex Lyon
100%
C Andrew Copp
100%
D Ben Chiarot
100%
G Cam Talbot
100%
C Dylan Larkin
100%
D Jeff Petry
100%
C Joe Veleno
100%
RW Jonatan Berggren
100%
LW J.T. Compher
100%
D Justin Holl
100%
LW Lucas Raymond
100%
C Marco Kasper
100%
D Moritz Seider
100%
RW Patrick Kane
100%
G Sebastian Cossa
100%
RW Vladimir Tarasenko
100%
D Albert Johansson
50%
RW Christian Fischer
50%
D Erik Gustafsson
50%
C Michael Rasmussen
50%
D Simon Edvinsson
50%
G Ville Husso
50%
C Tyler Motte
0%
Aucun quiz correspondant
Distribution des résultats
% des personnes avec chaque résultat
Percentile par nombre de réponses
Votre historique - résultats
Vous n’avez pas pris ce quiz